Online
Catalog

Descripción de la parte española de Santo Domingo / (Record no. 10566)

MARC details
000 -CABECERA
campo de control de longitud fija 01313nam a2200265 a 4500
001 - NÚMERO DE CONTROL
campo de control 000010817
005 - FECHA Y HORA DE LA ÚLTIMA TRANSACCIÓN
campo de control 20200929162309.0
008 - DATOS DE LONGITUD FIJA--INFORMACIÓN GENERAL
campo de control de longitud fija 091012s1976 dr 001 0 spa d
040 ## - FUENTE DE LA CATALOGACIÓN
Centro catalogador/agencia de origen DO-SdBNP
Lengua de catalogación spa
Centro/agencia transcriptor BNPHU
082 ## - NÚMERO DE LA CLASIFICACIÓN DECIMAL DEWEY
Número de clasificación 917.293
Número de documento/Ítem M837d
049 ## - FONDOS LOCALES (OCLC)
Fondos de biblioteca BNPD
100 1# - ENTRADA PRINCIPAL--NOMBRE DE PERSONA
Nombre de persona Moreau de Saint-Méry, M. L.
Fechas asociadas al nombre 1750-
9 (RLIN) 26131
245 10 - MENCIÓN DE TÍTULO
Título Descripción de la parte española de Santo Domingo /
Mención de responsabilidad, etc. M. L. Moreau de Saint-Méry ; traducción C. Armando Rodríguez.
260 ## - PUBLICACIÓN, DISTRIBUCIÓN, ETC.
Lugar de publicación, distribución, etc. Santo Domingo :
Nombre del editor, distribuidor, etc. Editora de Santo Domingo,
Fecha de publicación, distribución, etc. 1976.
300 ## - DESCRIPCIÓN FÍSICA
Extensión ix, 471p. ;
Dimensiones 23 cm.
490 1# - MENCIÓN DE SERIE
Mención de serie Sociedad Dominicana de Bibliófilos
-- Cultura dominicana
Designación de volumen o secuencia 15
500 ## - NOTA GENERAL
Nota general Incluye el mapa de Santo Domingo anexo
504 ## - NOTA DE BIBLIOGRAFÍA, ETC.
Nota de bibliografía, etc. Incluye referencias bibliográficas y notas al pie de las páginas
533 ## - NOTA DE REPRODUCCIÓN
Tipo de reproducción Facsímile
Lugar de la reproducción Philadelphie,
Institución responsable de la reproducción Imprimé & fe trouve chez l'auteur, imprimeur-libraire ...,
Fecha de la reproducción 1796
Descripción física de la reproducción 21 cm.
Nota sobre la reproducción Mapa: Carte de l'isle St. Domingue
534 ## - NOTA SOBRE LA VERSIÓN ORIGINAL
Frase introductoria Titulo original en francés
Mención de título del original Description Topographique et politeque de la partie espagnole de L isle Saint-Domingue
651 #4 - PUNTO DE ACCESO ADICIONAL DE MATERIA--NOMBRE GEOGRÁFICO
Nombre geográfico República Dominicana
Subdivisión general Descripciones Y Viajes
9 (RLIN) 1651
651 #4 - PUNTO DE ACCESO ADICIONAL DE MATERIA--NOMBRE GEOGRÁFICO
Nombre geográfico República Dominicana
Subdivisión general Historia
Subdivisión cronológica HASTA 1791
9 (RLIN) 26132
700 1# - PUNTO DE ACCESO ADICIONAL--NOMBRE DE PERSONA
Nombre de persona Rodríguez, C. Armando
Término indicativo de función/relación tr.
9 (RLIN) 26133
830 #0 - PUNTO DE ACCESO ADICIONAL DE SERIE-TÍTULO UNIFORME
Título uniforme Sociedad Dominicana de Bibliófilos
Nombre de parte o sección de la obra Cultura dominicana
Designación de volumen o secuencia 15
9 (RLIN) 26134
Holdings
Estado de retiro Estado de pérdida Restricciones de uso No para préstamo Código de colección Localización permanente Ubicación/localización actual Ubicación en estantería Fecha de adquisición Número de inventario Total de préstamos Signatura topográfica completa Código de barras Fecha visto por última vez Número de copia Precio válido a partir de Tipo de ítem Koha Nota pública
        Dominicana de Servicio General General En catalogación 12.10.2009 LF1   917.293 M837d 10817-30 25.06.2020 e. 3 25.06.2020 Libro y Folleto Colección Dominicana de Servicio  
        Dominicana de Servicio General General En catalogación 01.04.2011 LF1   917.293 M837d 10817-40 25.06.2020 e. 4 25.06.2020 Libro y Folleto Colección Dominicana de Servicio  
        Dominicana de Servicio General General En catalogación 13.07.2011 LF1   917.293 M837d 10817-50 25.06.2020 e. 5 25.06.2020 Libro y Folleto Colección Dominicana de Servicio  
      Excluido de préstamo Patrimonio Dominicano Patrimonio Dominicano Patrimonio Dominicano En catalogación 12.10.2009 LF1   917.293 M837d 10817-10 25.06.2020   25.06.2020 Libro y Folleto Colección Patrimonio Dominicano Perteneció a la biblioteca personal de Germán Emilio Ornes.
      Excluido de préstamo Patrimonio Dominicano Patrimonio Dominicano Patrimonio Dominicano En catalogación 12.10.2009 LF1   917.293 M837d 10817-20 25.06.2020 e. 2 25.06.2020 Libro y Folleto Colección Patrimonio Dominicano  

Powered by Koha